Manab adhikar (Record no. 6770)

MARC details
000 -LEADER
fixed length control field 00473cam a2200205ua 4500
001 - CONTROL NUMBER
control field 7653
005 - DATE AND TIME OF LATEST TRANSACTION
control field 20260515114236.0
008 - FIXED-LENGTH DATA ELEMENTS--GENERAL INFORMATION
fixed length control field 141220n ii |||gr||||Z||||||asm
040 ## - CATALOGING SOURCE
Transcribing agency MAIN
041 ## - LANGUAGE CODE
Language code of text/sound track or separate title asm
082 ## - DEWEY DECIMAL CLASSIFICATION NUMBER
Classification number 323
100 ## - MAIN ENTRY--PERSONAL NAME
Personal name Gogoi, P.,
Relator term Author.
245 1# - TITLE STATEMENT
Title Manab adhikar
Statement of responsibility, etc. By Purandar Gogoi
250 ## - EDITION STATEMENT
Edition statement 4th.
260 ## - PUBLICATION, DISTRIBUTION, ETC.
Place of publication, distribution, etc. Dibrugarh:
Name of publisher, distributor, etc. Banalata,
Date of publication, distribution, etc. 2013.
300 ## - PHYSICAL DESCRIPTION
Extent 212p.
653 ## - INDEX TERM--UNCONTROLLED
Uncontrolled term Civil & political rights
653 ## - INDEX TERM--UNCONTROLLED
Uncontrolled term Human rights
942 ## - ADDED ENTRY ELEMENTS (KOHA)
Koha item type Books
Holdings
Withdrawn status Lost status Damaged status Not for loan Home library Current library Shelving location Date acquired Total checkouts Full call number Barcode Date last seen Date last checked out Copy number Price effective from Koha item type
        Naharkatiya College Library Naharkatiya College Library General stacks 09/19/2020 14 323 | GOG 22655 06/05/2023 04/01/2023 1 09/19/2020 Books
        Naharkatiya College Library Naharkatiya College Library General stacks 09/19/2020 9 323 | GOG 22656 05/13/2023 04/25/2023 2 09/19/2020 Books